000 00675nam a2200229 a 4500
008
020 _a052141704X (hbk.)
049 _aMAIN
090 _aQA901
100 1 _aPnueli, David.
245 1 0 _aFluid mechanics /
_cDavid Pnueli and Chaim Gutfinger.
260 _aCambridge :
_bCambridge University Press,
_c1992.
300 _axiii, 482 p. :
_bill. ;
_c24 cm.
504 _aIncludes bibliographical references and index.
650 0 _aFluid mechanics.
700 1 _aGutfinger, Chaim.
907 _a.b1009569x
_b29-01-07
_c24-11-03
003
005 20230123133506.0
040 _cNUST
942 _cBOOKS
_kQA901
999 _c149536
_d149536